|
|
|
|
| LEADER |
01264nam a2200289 a 4500 |
| 001 |
13428438 |
| 008 |
100308r20092004enka b 001 0 eng d |
| 010 |
|
|
|a \\2003069590
|
| 020 |
|
|
|a 9780521813976
|
| 020 |
|
|
|a 0521813972 (hbk.)
|
| 040 |
|
|
|a DLC
|c DLC
|d DLC
|d BD-DhAAL
|
| 082 |
0 |
0 |
|a 006.3/1
|2 22
|
| 100 |
1 |
|
|a Shawe-Taylor, John.
|
| 245 |
1 |
0 |
|a Kernel methods for pattern analysis /
|c John Shawe-Taylor, Nello Cristianini.
|
| 260 |
|
|
|a Cambridge, UK ;
|a New York :
|b Cambridge University Press,
|c 2004 [fourth printing 2009].
|
| 300 |
|
|
|a xiv, 462 p. :
|b ill. ;
|c 26 cm.
|
| 504 |
|
|
|a Includes bibliographical references (p. 450-459) and index.
|
| 541 |
1 |
|
|e 00019931
|
| 650 |
|
0 |
|a Machine learning.
|
| 650 |
|
0 |
|a Algorithms.
|
| 650 |
|
0 |
|a Kernel functions.
|
| 650 |
|
0 |
|a Pattern perception
|x Data processing.
|
| 700 |
1 |
|
|a Cristianini, Nello.
|
| 852 |
4 |
|
|a Ayesha Abed Library
|j General Shelf
|
| 999 |
|
|
|c 7720
|d 7720
|
| 952 |
|
|
|0 0
|1 0
|2 ddc
|4 0
|6 006_310000000000000_SHA_2009
|7 0
|9 8478
|a BRACUL
|b BRACUL
|c GEN
|d 2010-03-08
|l 2
|m 7
|o 006.31 SHA
|p 3010019931
|r 2025-07-13
|s 2025-07-01
|t 1
|w 2010-03-08
|y BK
|
| 952 |
|
|
|0 0
|1 0
|2 ddc
|4 0
|6 006_310000000000000_SHA_2009
|7 0
|9 8479
|a BRACUL
|b BRACUL
|c GEN
|d 2010-03-08
|l 2
|m 27
|o 006.31 SHA
|p 3010019930
|q 2026-05-19
|r 2025-10-28
|s 2025-10-28
|t 2
|w 2010-03-08
|y BK
|